[Event "Motiva Online Blitz (Women)"]
[Site "Chess.com INT"]
[Date "2021.12.18"]
[Round "5"]
[White "Poliakova, Varvara"]
[Black "Gasieva, Lyudmila"]
[Result "1-0"]
[WhiteElo "2116"]
[BlackElo "1387"]
[PlyCount "73"]
[EventDate "2021.12.18"]
[EventType "swiss (blitz)"]
[EventRounds "13"]
[EventCountry "USA"]
[SourceTitle "CBM 205 Extra"]
[Source "ChessBase"]
[SourceDate "2022.01.31"]
[SourceVersion "1"]
[SourceVersionDate "2022.01.31"]
[SourceQuality "1"]

1. e4 c6 2. d4 d5 3. Nd2 dxe4 4. Nxe4 Bf5 5. Ng3 Bg6 6. f4 e6 7. Nf3 h5 8. Bd3 Bxd3 9. Qxd3 g6 10. 0-0 Bg7 11. c3 Nf6 12. Ng5 Nd5 13. Nxe6 Qf6 14. Nxg7+ Qxg7 15. f5 0-0 16. fxg6 fxg6 17. Rxf8+ Qxf8 18. Qxg6+ Qg7 19. Qxg7+ Kxg7 20. Nxh5+ Kg6 21. Nf4+ Nxf4 22. Bxf4 Nd7 23. g3 Nf6 24. Kf2 Ne4+ 25. Kf3 Re8 26. Re1 Ng5+ 27. Kf2 Nh3+ 28. Kf1 Rxe1+ 29. Kxe1 Nxf4 30. gxf4 Kf5 31. Kf2 Kxf4 32. a4 Kg4 33. Ke3 Kh3 34. Ke4 Kxh2 35. c4 Kg3 36. d5 Kg4 37. d6 1-0